000 01197nam a2200217Ia 4500
003 Ost
005 20260416102358.0
008 260416s9999||||xx |||||||||||||| ||und||
040 _cfsecg
041 _aara
082 _a1.6404
100 _aجبروني،نادية
_eمؤلف
245 0 _aإعلام آلي 1 :
_bمطبوعة مقدمة لطلبة السنة الاولى جذع مشترك /
_cنادية جبروني
260 _aالجزائر
_bجامعة الجزائر3: كلية العلوم الإقتصادية، العلوم التجارية وعلوم التسيير
_c2021
300 _a105 ورقة
_bايضاحات
_c30 سم
504 _aملاحق ص.98 مراجع ص.103
520 _aعموميات حول الحاسوب ، القسم المادي للحاسوب ، الانترنيت و تطبيقاتها ، أنظمة العد بالتطرق الى تعريفها و التحولات بينها و العمليات فيها وإيجاد الأساس .
653 _aإعلام آلي
710 _aجامعة الجزائر3: كلية العلوم الإقتصادية، العلوم التجارية وعلوم التسيير
_eناشر علمي
942 _cHANDOUT
999 _c41302
_d41302